00696nam a2200229 a 4500001001300000003000900013005001700022008004100039020000800080082001500088100001900103245003900122260005900161300000900220500003500229505003800264650002300302902000800325942000700333952011100340999001500451nice12345678IN_TiNIC20260116011654.0050524s1963 bana grp 000 0 eng  ac400a220.7bHAN aHanson, Miriam aCommentary on the Book of Genesis. aBangalorebChristian Instt.For Study of Religionc1963 a229p aincludes index and biblioraphy2 aChristian Students` Library No.29 aBible-Commentaries bSRS cBK 001040708StackRoom-aHMIbHMId2007-06-18g4.00l0o220.7 HANp08525r2007-06-18v4.00w2005-05-24yBK c3302d3302